Kancelář bezpapírová

Nový obor výpočtovej techniky DIP (Document Image Processing). Pozri ďalšie príspevky týkajúce sa DIPu čo je súhrn technických prostriedkov, ktoré automatizujú prácu s papierovými nosičmi tak, aby bol zachovaný prístup k nim, aby bolo možné hladať, nájsť a používať ich, ale neprísť do styku s "papie...

Descrizione completa

Salvato in:
Dettagli Bibliografici
Autore principale: Straka, I.
Natura: Capitolo di libro
Lingua:ceco
Soggetti:
Tags: Aggiungi Tag
Nessun Tag, puoi essere il primo ad aggiungerne!!

MARC

LEADER 00000naa a2200000 4500
001 r023973
005 20221213083147.1
041 0 |a cze 
044 |a CZ 
245 1 0 |a Kancelář bezpapírová  |c I. Straka 
520 |a Nový obor výpočtovej techniky DIP (Document Image Processing). Pozri ďalšie príspevky týkajúce sa DIPu čo je súhrn technických prostriedkov, ktoré automatizujú prácu s papierovými nosičmi tak, aby bol zachovaný prístup k nim, aby bolo možné hladať, nájsť a používať ich, ale neprísť do styku s "papierom". 
610 2 0 |a využitie počítačov 
610 2 0 |a softvér 
610 2 0 |a počítače osobné 
610 2 0 |a kancelárie 
610 2 0 |a práca administratívna 
610 2 0 |a technika výpočtová 
100 1 |a Straka, I.